000 01681nab a22002537a 4500
999 _c5679
_d5679
003 OSt
005 20251226232039.0
008 190603e xxum|||| |||| 00| 0 spa d
040 _cPJ
100 _91874
_aPaolantonio, Martín Esteban
245 1 0 _aObligaciones dinerarias :
_bindexación y moneda extranjera desde la perspectiva del análisis económico del derecho y la libertad contractual /
_cMartín E. Paolantonio
260 _cCiudad Autónoma de Buenos Aires :
_aThomson Reuters La Ley,
_b2025.
300 _ap. 96-125
500 _aCita: TR LALEY AR/DOC/1759/2025 Publicado en: RCCyC 2025 (agosto).
505 _aSumario: I. Introducción. Obligaciones de dar sumas de dinero y obligaciones dinerarias. Plan de trabajo.— II. La represión contractual como un derivado de la represión financiera.— III. El contenido de la represión contractual: indexación y moneda extranjera.— IV. La cuestión de los costos de transacción: introducción.— V. Deudas dinerarias en moneda extranjera: antecedentes y situación actual.— VI. Deudas dinerarias e indexación: antecedentes y situación actual.— VII. A modo de recapitulación y cierre.
505 _t¿Te interesa el texto completo? Solicitalo al correo: koha@justierradelfuego.gov.ar
650 0 _91497
_aCODIGO CIVIL Y COMERCIAL
650 0 _92068
_aOBLIGACIONES EN MONEDA EXTRANJERA
650 0 _9530
_aOBLIGACIONES DE DAR SUMAS DE DINERO
650 0 _93790
_aACTUALIZACIÓN MONETARIA
650 0 _96629
_aMONEDA DE CURSO LEGAL
773 0 _02713
_93170
_dCiudad Autónoma de Buenos Aires : Thomson Reuters La Ley, 2015-
_tRevista Código Civil y Comercial. Nº 4 - Agosto 2025
942 _2udc
_cANA